000 00598nam a22002177a 4500
003 UA-OsUOA
001 67177
007 ta
008 20100216b un ||||| |||| 00| 0 ukr d
100 _aЛипківський К.
090 _a94(477)
_bЛ61
942 _cSA
040 _aUA-OsUOA
_bukr
_cUA-OsUOA
_dUA-OsUOA
245 _aВійна без жалю. ГПУ проти УАПЦ: Методологія знищення
300 _aС.8
955 _a0
041 _aukr
080 _a94(477)
773 0 _w67176
650 7 _a9 Географія. Біографії. Історія
_2UDC
999 _c353524
_d353524